Transformace bytových družstev. Skutečnost, nebo iluze?
Situácia v oblasti prevodu bytov do vlastníctva v ČR. Dôsledky takzvanej integrácie družstiev. Členovia družstva a jeho administratívny aparát. Družstevná demokracia v praxi. Príprava skutočnej transformácie bytových družstiev a aplikácia transformačného zákona.
Uložené v:
| Hlavný autor: | |
|---|---|
| Médium: | Kapitola |
| Jazyk: | Czech |
| Predmet: | |
| Tagy: |
Žiadne tagy, Buďte prvý, kto otaguje tento záznam!
|
MARC
| LEADER | 00000naa a2200000 4500 | ||
|---|---|---|---|
| 001 | r012988 | ||
| 005 | 20221213082114.4 | ||
| 041 | 0 | |a cze | |
| 044 | |a CZ | ||
| 245 | 1 | 0 | |a Transformace bytových družstev. |b Skutečnost, nebo iluze? |c J. Mandlík |
| 520 | |a Situácia v oblasti prevodu bytov do vlastníctva v ČR. Dôsledky takzvanej integrácie družstiev. Členovia družstva a jeho administratívny aparát. Družstevná demokracia v praxi. Príprava skutočnej transformácie bytových družstiev a aplikácia transformačného zákona. | ||
| 610 | 2 | 0 | |a družstvá bytové |
| 610 | 2 | 0 | |a transformácia |
| 610 | 2 | 0 | |a byty |
| 610 | 2 | 0 | |a Čechy |
| 610 | 2 | 0 | |a politika bytová |
| 100 | 1 | |a Mandlík, J. | |